Quizzes
Events
Quiz Creation
Community
Videos
Private Events
Remove Ads
Sign In
Join for FREE
Feedback
Dark Mode
Quiz Categories
Sports
Geography
Music
Movies
Television
Just For Fun
Miscellaneous
History
Literature
Language
Science
Gaming
Entertainment
Religion
Holiday
For Kids
Quiz Lab
Recent
Popular Today
Quiz Kudos Today
Editor Picks
Curator Picks
Quizzes by...
Day
Popularity
Type
Ratings
Length
Year
Community
Subscriptions
Recent Discussions
Orange Saloon
Badges
Playlists
Quests
Create
Leaderboards
Showdown
Live 5
Trivia Bingo
Activity
Puzzle Library
Sporcle Events
Private Events
Virtual Trivia
Globe League
Become a Host
Pub Owners
SporcleCon
Opinionation
Our Games
Videos
Blog
Mobile Apps
Partnerships
Remove Ads and Go Orange
Feedback
Sports
Athletes
MLB
NBA
NHL
NFL
Soccer
Sports Teams
WWE
NCAA
Football
Premier League
Basketball
Baseball
Hockey
Golf
Tennis
Cricket
Rugby
Auto Racing
Olympics
World Cup
Sports
Athletes
MLB
NBA
NHL
NFL
Soccer
Sports Teams
WWE
NCAA
Football
Premier League
Basketball
Baseball
Hockey
Golf
Tennis
Cricket
Rugby
Auto Racing
Olympics
World Cup
Random Quiz
Search Sporcle
×
Quiz Lab
Quiz Lab
Sports
Stadiums
Type in answers that appear in a list
Type in answers that appear in a list
Classic
Best Score? Go Orange.
Ballpark/stadium/arena name changes Stats
Can you name the Ballpark/stadium/arena name changes?
By
bjr324
10m
55 Questions
168 Plays
168 Plays
168 Plays
Comments
Comments
Give Quiz Kudos
Give Quiz Kudos
-
- Ratings
hide this ad
Random Order
Randomize order of answers
Randomize order of answers
Replay
Link that replays current quiz
Next Quiz
Link to next quiz in quiz playlist
You Got
0%
They Got
Avg Score
24%
Avg Friend Score
Upgrade to see
Score Distribution
Jump to the score distribution portion of the page
Score
0/55
Timer
10:00
0
Plays Today
Current name
Former name
% Correct
Progressive Field (Indians)
Jacobs Field
56.3%
Rogers Centre (Blue Jays)
Skydome
52.1%
Minute Maid Park (Astros)
Enron Field
52.1%
Chase Field (Diamondbacks)
Bank One Ballpark
49.1%
U.S. Cellular Field (White Sox)
New Comiskey Park
47.9%
Landshark Stadium (Marlins)
Pro Player Stadium
43.7%
Oracle Arena (Warriors)
Oakland Arena
41.3%
Verizon Center (Wizards)
MCI Center
41.3%
Landshark Stadium (Dolphins)
Joe Robbie Stadium
41.3%
Verizon Center (Capitals)
MCI Center
41.3%
TD Garden (Celtics)
FleetCenter
38.9%
TD Garden (Bruins)
FleetCenter
38.9%
Qualcomm Stadium (Chargers)
Jack Murphy Stadium
36.5%
AT&T Center (Spurs)
SBC Center
34.7%
Candlestick Park (49ers)
3Com Park at Candlestick Point
34.1%
Quicken Loans Arena (Cavaliers)
Gund Arena
32.3%
Izod Center (Nets)
Continental Airlines Arena
31.1%
AT&T Park (Giants)
Pacific Bell Park
29.9%
EnergySolutions Arena (Jazz)
Delta Center
29.3%
Angel Stadium of Anaheim (Angels)
Edison International Field
28.7%
Kauffman Stadium (Royals)
Royals Stadium
27.5%
Jacksonville Municipal Stadium (Jaguars)
Gator Bowl Alltel Stadium
26.9%
U.S. Airways Center (Suns)
America West Arena
26.3%
Wachovia Center (76ers)
First Union Center
25.7%
Wachovia Center (Flyers)
First Union Center
25.7%
Honda Center (Ducks)
Arrowhead Pond of Anaheim
24.6%
Le Centre Bell (Canadiens)
Molson Center
24.6%
Ralph Wilson Stadium (Bills)
Rich Stadium
23.4%
Current name
Former name
% Correct
Scottrade Center (Blues)
Kiel Center
19.8%
University of Phoenix Stadium (Cardinals)
Cardinals Stadium
19.2%
FedEx Field (Redskins)
Jack Kent Cooke Stadium
18%
Rangers Ballpark in Arlington (Rangers)
Ameriquest Field
17.4%
Edward Jones Dome (Rams)
Trans World Dome
17.4%
Qwest Field (Seahawks)
Seahawks Stadium
17.4%
Bank Of America Stadium (Panthers)
Ericsson Stadium
16.8%
Sommet Center (Predators)
Gaylord Entertainment Center
16.8%
McAfee Stadium (Athletics)
Oakland-Alameda County Coliseum
16.2%
Oakland-
Alameda County Coliseum (Raiders)
Network Associates Coliseum
16.2%
LP Field (Titans)
Adelphia Coliseum
16.2%
Jobing.com Arena (Coyotes)
Glendale Arena
16.2%
Amway Arena (Magic)
TD Waterhouse Centre
14.4%
HSBC Arena (Sabres)
Marine Midland Arena
12.6%
hp Pavilion (Sharks)
San Jose Arena
12%
St. Pete Times Forum (Lightning)
Ice Palace
12%
Lambeau Field (Packers)
City Stadium
11.4%
Scotiabank Place (Senators)
Corel Centre
11.4%
Time Warner Cable Arena (Bobcats)
Charlotte Bobcats Arena
10.8%
Mellon Arena (Penguins)
Pittsburgh Civic Arena
9.6%
BankAtlantic Center (Panthers)
Office Depot Center
8.4%
Gillette Stadium (Patriots)
CMGI Field
7.8%
M&T Bank Stadium (Ravens)
PSINet Stadium
6.6%
Rexall Place (Oilers)
Skyreach Centre
6.6%
Pengrowth Saddledome (Flames)
Canadian Airlines Saddledome
6%
RBC Center (Hurricanes)
Raleigh Entertainment & Sports Arena
5.4%
Soldier Field (Bears)
Municipal Grant Park
1.2%
Quiz Playlist
Details
Report
Send in Message
Add To Playlist
Classic:
Type in answers that appear in a list
Random Order:
Randomize order of answers
Last Updated: Feb 16, 2017
Quiz Scoreboard
CHALLENGE
Sign Up to Join the Scoreboard
Show All
Scores
Hide
Comments
May contain spoilers
Recently Published
An Introduction to Baseball
by treessimontrees
Sports
5m
Movies - When Are They Set?
by FPL_Elf
Movies
5m
Popular People in 1961
by mucciniale
History
6m
More to Explore
Quiz From the Vault
Featured Blog Post
Where Did the Easter Bunny Come From?
hide this ad
You Might Also Like...
Tags
arena
ballpark
Former
Stadiums
Today's Top Quizzes in Sports
Browse Sports
hide this ad
Today's Top Quizzes in Stadiums
Browse Stadiums
Top Contributed Quizzes in Sports
1
Les meilleurs buteurs des matchs entre le PSG et l’OM
2
2022 World Cup Stars
3
FIFA Club World Cup Champions
4
Les entraîneurs de l'OM et du PSG au 21e siècle
5
Name the Premier League winners with different clubs
6
La finale Lions - Afrique du Sud 2021
7
Les joueurs passés par le LOSC et le RC Lens
8
Criteria MLB: Left Handed Sluggers
9
Players with Multiple 50 Home Run Seasons
10
5-to-1: UK Sports Teams
Explore More
Trending Topics
Crossword
NBA
Anime
Kpop
Disney
Harry Potter
Marvel
WWE
NFL
Song
The Office
Soccer
Country
Puzzle
Pokémon
hide this ad
More By:
bjr324
Quiz
Plays
Rating
Category
Featured
Created
NBA Last Top 5 Draft Pick (per Team)
175,665
4.35
Sports
Dec 15, 2009
MLB leaders of the 2000's
3,503
4.00
Sports
Nov 5, 2009
Top 50 most populated world capitals
3,417
3.29
Geography
Nov 20, 2009
Top/bottom 5 most populated US capitals
1,231
4.57
Geography
Jan 15, 2010
Top NBA scorers by college
893
4.38
Sports
Dec 5, 2009
Go to Creator's Profile
Score Distribution
Quiz Creator Spotlight
bjr324
Follow
Send a Message
Quizzes Created
-
Created Quiz Play Count
-
More By This Creator
Popular Quizzes Today
1
Find the Countries of Europe - No Outlines Minefield
2
Find the US States - No Outlines Minefield
3
The Countries of the World
4
Popular People in 1961
5
Find the US States
6
US States
7
1-10 Letter E Words III
8
Risky Map Clicking: Biggest States A-Z
More Sports Quizzes
Premier League Winners - V
Quiz Lab
Trending Quizzes
Risky Map Clicking: Least Populous States A-Z
1-10 Letter F Words
1-10 Letter G Words
Not Quite an Element Typing Challenge
One Thing in Common: United Kingdom
Recently Updated
Leaping Animals
pecheneg
Reality TV Shows (A-Z)
bhenderson79
Rickey Henderson's Hall of Fame Teammates
pecheneg
Champions League XIs: Arsenal
pecheneg
Quick Pick: Celebrities in WWE's Hall of Fame
aduchscher
A-Z Keypad Blitz II
pecheneg
Multiple Oscar Actors
pecheneg
Mystery Phrase Blitz: Oscar 'Best Actors'
pecheneg
F. Scott Fitzgerald Novels
LTH
Pick 3 Villains
ddd62291
Trending Topics
Disney
NBA
Kpop
Crossword
Harry Potter
Marvel
Anime
NFL
Soccer
WWE
Song
Country
The Office
Puzzle
Pokémon
Your Account Isn't Verified!
In order to create a playlist on Sporcle, you need to verify the email address you used during registration. Go to your
Sporcle Settings
to finish the process.
Report this User
Report this user for behavior that violates our
Community Guidelines
.
Details:
Send Report
Go to the Sporcle.com Mobile Site →
Comments